|
|
|
|
| LEADER |
00709nam a2200205Ia 4500 |
| 001 |
TDMU_3732 |
| 008 |
210410s9999 xx 000 0 und d |
| 082 |
|
|
|a 730.909 51
|
| 090 |
|
|
|b T837
|
| 100 |
|
|
|a Tưởng, Phủ Thuận
|
| 245 |
|
0 |
|a Những kiệt tác nghệ thuật Trung Quốc
|
| 245 |
|
0 |
|c Tưởng Phủ Thuận; Trần Văn Huân (b.d.)
|
| 260 |
|
|
|a H.
|
| 260 |
|
|
|b Mỹ thuật
|
| 260 |
|
|
|c 2000
|
| 300 |
|
|
|a 189tr.
|
| 650 |
|
|
|a Tác phẩm nghệ thuật
|z Trung Quốc
|
| 700 |
|
|
|a Trần, Văn Huân
|
| 856 |
|
|
|u http://lrc.tdmu.edu.vn/opac/search/detail.asp?aID=2&ID=3732
|
| 980 |
|
|
|a Trung tâm Học liệu Trường Đại học Thủ Dầu Một
|